Language for daily use /

Bibliographic Details
Main Author: Dawson, Mildred Agnes, 1897-
Format: Book
Language:English
Published: New York : Harcourt, Brace, Jovanovich, [1973]
Edition:New Harbrace ed.
Subjects:

MARC

Tag First Indicator Second Indicator Subfields
LEADER 00000cam a2200000 i 4500
001 in00000047447
005 20151007071506.0
008 761011s1973 nyua j 00110 eng d
020 |a 0153172819 (v.8) 
020 |a 0153172886 (v.9) 
035 |a (OCoLC)02494925 
035 |9 AAE6069AM 
040 |a TXA  |c TXA  |d UtOrBLW 
049 |a [Curr Col] TXAM  |c 1  |v 8 [1028990]  |v 9 [1028989]  |c 2  |v 9 [1115273]  |c 3  |v 9 [1115274] 
090 |a PE1111  |b .D392 1973 
100 1 |a Dawson, Mildred Agnes,  |d 1897- 
245 1 0 |a Language for daily use /  |c Mildred A. Dawson ... [et.al.]. 
250 |a New Harbrace ed. 
264 1 |a New York :  |b Harcourt, Brace, Jovanovich,  |c [1973] 
264 4 |c ©1973 
300 |a 9 volumes :  |b illustrations (some color) ;  |c 24 cm. + Workbook. 
336 |a text  |b txt  |2 rdacontent 
337 |a unmediated  |b n  |2 rdamedia 
338 |a volume  |b nc  |2 rdacarrier 
500 |a Includes indexes. 
505 0 |a v.1. Level yellow [beginning].--v.2. Level blue [grade 1].--v.3. Level red [grade 2].--v.4. Level green [grade 3].--v.5. Level orange [grade 4].--v.6. Level purple [grade 5].--v.7. Level brown [grade 6].--v.8. Level silver [grade 7].--v.9. Level gold [grade 8]. 
650 0 |a English language  |x Composition and exercises. 
999 |a MARS 
999 f f |s 3107b751-a2c8-3d38-8add-43a0fe832ace  |i ac362548-6115-3f47-96b6-6eab7b11c2a7  |t 0 
952 f f |a Texas A&M University  |b Rellis Campus  |c Joint Library Facility  |d Remote Storage  |e PE1111 .D392 1973  |h Library of Congress classification  |i unmediated -- volume  |k v.9  |l Student ed.  |m A14800229732  |p ric  |s JLF  |t 0 
952 f f |a Texas A&M University  |b Rellis Campus  |c Joint Library Facility  |d Remote Storage  |e PE1111 .D392 1973  |h Library of Congress classification  |i unmediated -- volume  |k v.8  |l Workbook  |m A14813755603  |p ric  |s JLF  |t 0 
998 f f |a PE1111 .D392 1973  |s v.9 (Student ed.)  |t 0  |l Remote Storage